| 000 | 00687na a2200241 4500 | ||
|---|---|---|---|
| 001 | 13463 | ||
| 003 | MIRAKIL | ||
| 005 | 20181213155145.0 | ||
| 008 | 160920b tu 000 0 | ||
| 035 | _a13463 | ||
| 040 |
_aMilas _btur _cTR-AnCHP |
||
| 082 |
_aCHP 324.2172 _bK26c 1976 |
||
| 090 | _aCHP 324.2172 K26c 1976 | ||
| 100 | _aKardam, Ahmet | ||
| 245 |
_aC.H.P. nedir? Ne değildir? _cAhmet Kardam |
||
| 246 | _aCumhuriyet Halk Partisi nedir, ne değildir ? | ||
| 246 | _aCHP nedir, ne değildir ? | ||
| 260 |
_aAnkara _bÜlke Yayınları _c1976 |
||
| 300 |
_a177 s. _c20 sm. |
||
| 610 |
_aCHP _xTarih _zTürkiye |
||
| 650 |
_aSiyasal partiler _zTürkiye |
||
| 942 |
_2ddc _cBKS |
||
| 999 |
_c7655 _d7655 |
||